Countries with Ongoing Armed Conflicts - Statistics

General Stats
  • This quiz has been taken 1,877 times
    216 since last reset
  • The average score is 35 of 46
Answer Stats
Start Date Deaths Answer Country(s) % Correct
1948 26,795 Arab–Israeli Conflict Israel; Palestine; Egypt; Iraq; Iran; Lebanon; Syria; Yemen; Qatar Eritrea
99%
2014 74,815 Russo-Ukrainian War Russia; Ukraine
99%
2011 8,600+ Syrian Civil War Syria; Israel; Lebanon; Iraq; Turkey
99%
2011 2,785 Yemeni Civil War Yemen; Israel; Saudi Arabia; United Arab Emirates
98%
1918 300 Kurdish nationalist conflicts Turkey; Iraq; Syria; Iran
97%
2018 3,141+ Haitian Crisis Haiti
96%
1918 63 Insurgencies in Iran Iran, Iraq; Turkey
96%
1948 985 Insurgencies in Pakistan Pakistan; Afghanistan; Iran
96%
1922 300 Insurgencies in Turkey Turkey; Syria; Iraq
96%
2006 10,767 Mexican Drug War Mexico; United States; El Salvador; Honduras; Nicaragua; Belize; Venezuela; Colombia; Ecuador; Guatemala
96%
1947 975 Kashmir conflict India; Pakistan; China
95%
1999 351 Insurgencies in Bangladesh Bangladesh; Myanmar; India
94%
1954 980 Insurgencies in India India; Bhutan; Myanmar
94%
2017 9 Islamic State Insurgency in the North Caucasus Russia; Azerbaijan; Georgia
94%
1948 14,409+ Myanmar Conflicts Myanmar; India; Bangladesh
94%
1978 4,176 Afghan Conflict Afghanistan; Pakistan
91%
2003 556 Iraqi Conflict Iraq
91%
2004 10,000+ Congolese Conflicts DR Congo; Burundi; Rwanda; Uganda; Central African Republic; South Sudan
89%
2002 20,190+ Insurgency in the Maghreb/Sahel Algeria; Benin; Burkina Faso; Cameroon; Chad; Ghana; Ivory Coast; Libya; Mali; Mauritania; Morocco; Niger; Nigeria; Togo; Tunisia
89%
2008 80,000+ Sudanese conflicts South Sudan; Sudan
89%
1964 2,602 Colombian–Venezuelan Conflicts Colombia; Venezuela
85%
2012 1,628 Cameroonian conflicts Cameroon; Nigeria; Niger; Chad
83%
1991 10,282+ Somali Civil War Kenya; Somalia; Somaliland
81%
2018 5,940+ Ethiopian Civil Conflict Ethiopia; Eritrea
74%
2011 275 Libyan Crisis Libya
71%
1990 130+ Armed conflict for control of the favelas Brazil
69%
2008 235+ Cambodia–Thailand Border Conflict Cambodia; Thailand
68%
2012 944 Central African Republic Civil War Central African Republic; Cameroon
68%
1998 2,950 Civil conflicts in Nigeria Nigeria; Cameroon
68%
1970 54 Western Sahara conflict Morocco; Sahrawi Republic
68%
1981 52 Islamist insurgency in Egypt Egypt
65%
1962 247 Papua Conflict Indonesia
65%
2017 783 Insurgency in Cabo Delgado Mozambique; Tanzania
63%
1962 3 Piracy in the Sulu and Celebes Seas/Cross border attacks in Sabah Philippines; Malaysia
61%
1975 191 Cabinda War Angola
57%
2004 51 South Thailand Insurgency Thailand
57%
1980 46 Peruvian Conflict Peru
54%
1969 506 Civil Conflict in the Philippines Philippines
51%
1975 75 Insurgency in Laos Laos
51%
2022 522 Honduran Gang Crackdown Honduras
48%
1993 3,853 Insurgency in Ecuador Ecuador
48%
2022 9 Salvadoran Gang Crackdown El Salvador
48%
1988 131 Ethnic violence in Papua New Guinea Papua New Guinea
46%
1982 6 Casamance Conflict Senegal; The Gambia
44%
2005 2 Insurgency in Paraguay Paraguay
38%
1943 268 Jamaican Political Conflict Jamaica
27%
No matching quizzes found
Score Distribution
Percent of People with Each Score
Percentile by Number Answered
Your Score History
You have not taken this quiz since the last reset